[Event "Madrid 2019-2020 ch - Previa b"]
[Site "Madrid ESP"]
[Date "2020.02.28"]
[Round "8.7"]
[White "Narvaez Parra, Vicente"]
[Black "Estevez Sacristan, Deva"]
[Result "1-0"]
[WhiteElo "1808"]
[BlackElo "1885"]
[PlyCount "55"]
[EventDate "2020.02.06"]
[EventType "swiss"]
[EventRounds "9"]
[EventCountry "ESP"]
[SourceTitle "Ajedrez en Madrid"]
[Source "lmi"]
[SourceDate "2020.02.06"]
[SourceVersion "1"]
[SourceVersionDate "2020.03.02"]
[SourceQuality "1"]

1. d4 f5 2. Nf3 Nf6 3. Bg5 Ne4 4. h4 d6 5. e3 Be6 6. Nbd2 c6 7. Bd3 Nxd2 8.
Qxd2 Nd7 9. c4 Nf6 10. Qc2 h6 11. Bf4 g6 12. O-O Rg8 13. b4 Qd7 14. Rfd1 Nh5
15. Bh2 g5 16. d5 cxd5 17. cxd5 Bxd5 18. Bxf5 Be6 19. Bg6+ Rxg6 20. Qxg6+ Bf7
21. Qd3 Bg7 22. Rac1 gxh4 23. a4 a6 24. b5 h3 25. Qe4 hxg2 26. Kxg2 axb5 27.
Bxd6 Rxa4 28. Rc8+ 1-0

[Event "Madrid 2019-2020 ch - Previa b"]
[Site "Madrid ESP"]
[Date "2020.02.28"]
[Round "8.8"]
[White "Rodriguez Avila, Alvaro"]
[Black "Martin Garcia, Luis I"]
[Result "1-0"]
[WhiteElo "1807"]
[BlackElo "1817"]
[PlyCount "91"]
[EventDate "2020.02.06"]
[EventType "swiss"]
[EventRounds "9"]
[EventCountry "ESP"]
[SourceTitle "Ajedrez en Madrid"]
[Source "lmi"]
[SourceDate "2020.02.06"]
[SourceVersion "1"]
[SourceVersionDate "2020.03.02"]
[SourceQuality "1"]

1. e4 e6 2. d4 d5 3. Nc3 Bb4 4. e5 c5 5. Bd2 Nc6 6. Nb5 Bxd2+ 7. Qxd2 cxd4 8.
f4 f6 9. Nf3 a6 10. Nbxd4 fxe5 11. fxe5 Qc7 12. Nxc6 bxc6 13. Bd3 Nh6 14. O-O
Nf7 15. Qf4 c5 16. c4 Bb7 17. cxd5 Bxd5 18. Qg3 Bxf3 19. Qxf3 O-O 20. Qh5 Nh6
21. Bc4 Qe7 22. Qh3 Rfe8 23. Rf4 Kh8 24. Raf1 Qg5 25. Qe3 Qe7 26. Bd3 a5 27.
Qe4 g6 28. b3 Rf8 29. Rxf8+ Rxf8 30. Rxf8+ Qxf8 31. Bc4 Qd8 32. Qd3 Qxd3 33.
Bxd3 Kg7 34. h3 Nf7 35. Bc4 Nxe5 36. Bxe6 Kf6 37. Bg8 h6 38. Kf2 Nc6 39. Ke3
Ke5 40. Kd3 Nb4+ 41. Kc4 Nxa2 42. Kxc5 Nc1 43. Kb5 Kf4 44. Kxa5 Kg3 45. b4 Kxg2
46. Bc4 1-0

[Event "Madrid 2019-2020 ch - Previa b"]
[Site "Madrid ESP"]
[Date "2020.02.28"]
[Round "8.9"]
[White "Garcia Serrano, Jose Manuel"]
[Black "Barragan Arriaza, Pablo"]
[Result "1-0"]
[WhiteElo "1863"]
[BlackElo "1886"]
[PlyCount "171"]
[EventDate "2020.02.06"]
[EventType "swiss"]
[EventRounds "9"]
[EventCountry "ESP"]
[SourceTitle "Ajedrez en Madrid"]
[Source "lmi"]
[SourceDate "2020.02.06"]
[SourceVersion "1"]
[SourceVersionDate "2020.03.02"]
[SourceQuality "1"]

1. e4 e5 2. f4 Bc5 3. Nf3 d6 4. c3 Nc6 5. Bb5 Bd7 6. d4 Bb6 7. fxe5 dxe5 8. Bg5
f6 9. Bh4 exd4 10. cxd4 Qe7 11. O-O O-O-O 12. Nc3 Qb4 13. Bf2 Nxd4 14. Nxd4
Bxd4 15. Qxd4 Qxd4 16. Bxd4 Bxb5 17. Nxb5 a6 18. Na7+ Kb8 19. Be3 Ne7 20. Rac1
Rd6 21. b4 Re6 22. b5 Rxe4 23. Rfe1 Nd5 24. Bf2 Rxe1+ 25. Rxe1 axb5 26. Nxb5 c6
27. Nd6 b5 28. Rc1 Kc7 29. Nxb5+ Kd7 30. Nc3 Ra8 31. Nxd5 cxd5 32. Rc2 Ke6 33.
Kf1 Ke5 34. Ke2 Ke4 35. Rb2 d4 36. Bg3 f5 37. Bd6 g5 38. a3 Ra6 39. Bb4 g4 40.
Rd2 f4 41. Kf2 d3 42. Rb2 h5 43. Rb3 Rc6 44. Rc3 g3+ 45. hxg3 fxg3+ 46. Ke1 Rf6
47. Rc4+ Kd5 48. Rc5+ Ke4 49. Rc4+ Kd5 50. Rc5+ Ke4 51. Rxh5 Rf2 52. Rh4+ Kf5
53. Rd4 Rxg2 54. Rxd3 Kg4 55. Bd6 Kf5 56. Bxg3 Ra2 57. Bd6 Ke6 58. Rd4 Kd7 59.
a4 Kc6 60. Kd1 Kb6 61. Kc1 Ka6 62. Kb1 Rg2 63. Bc7 Rg7 64. Bd8 Rg6 65. Kb2 Re6
66. Kb3 Rg6 67. Kb4 Rh6 68. a5 Kb7 69. Rd5 Rh1 70. Bb6 Rb1+ 71. Kc3 Ra1 72. Rd4
Rh1 73. Rd7+ Ka6 74. Ra7+ Kb5 75. Kd4 Rh4+ 76. Ke5 Rh5+ 77. Kd6 Rh8 78. Kc7
Rh7+ 79. Kb8 Rh8+ 80. Kb7 Rg8 81. Bc7 Rh8 82. Ra8 Rh1 83. a6 Kc5 84. Bb6+ Kb5
85. Rc8 Ra1 86. a7 1-0

[Event "Madrid 2019-2020 ch - Previa b"]
[Site "Madrid ESP"]
[Date "2020.02.28"]
[Round "8.10"]
[White "Galarreta Santana, Javier"]
[Black "Barragan Panal, Juan Jose"]
[Result "1-0"]
[WhiteElo "1666"]
[BlackElo "1661"]
[PlyCount "87"]
[EventDate "2020.02.06"]
[EventType "swiss"]
[EventRounds "9"]
[EventCountry "ESP"]
[SourceTitle "Ajedrez en Madrid"]
[Source "lmi"]
[SourceDate "2020.02.06"]
[SourceVersion "1"]
[SourceVersionDate "2020.03.02"]
[SourceQuality "1"]

1. e4 c6 2. d4 d5 3. e5 Bf5 4. g4 Be4 5. f3 Bg6 6. h4 h5 7. e6 Qd6 8. exf7+
Bxf7 9. Ne2 e5 10. Nbc3 hxg4 11. dxe5 Qxe5 12. Bf4 Qe6 13. fxg4 Bd6 14. Bxd6
Qxd6 15. Qd4 Qf6 16. Qe3+ Ne7 17. g5 Qe6 18. Qf2 Bh5 19. O-O-O Rf8 20. Qd4 Nf5
21. Qd2 Qe3 22. Re1 Qxd2+ 23. Kxd2 Bxe2 24. Bxe2 Kd8 25. Rhf1 Nd7 26. h5 Kc7
27. Bg4 Nd6 28. Rxf8 Rxf8 29. Re7 Rf7 30. Rxd7+ Rxd7 31. Bxd7 Kxd7 32. Ke3 Ke6
33. Kf4 Nf7 34. Ne2 c5 35. Ng1 b5 36. Nf3 a5 37. Nh4 Nd6 38. h6 gxh6 39. gxh6
Kf6 40. h7 Kg7 41. Nf5+ Nxf5 42. Kxf5 b4 43. Ke5 c4 44. Kxd5 1-0

[Event "Madrid 2019-2020 ch - Previa b"]
[Site "Madrid ESP"]
[Date "2020.02.28"]
[Round "8.11"]
[White "Cujba, Anca-Claudia"]
[Black "Palacios Sanchez, Victor"]
[Result "1-0"]
[WhiteElo "1591"]
[BlackElo "1652"]
[PlyCount "131"]
[EventDate "2020.02.06"]
[EventType "swiss"]
[EventRounds "9"]
[EventCountry "ESP"]
[SourceTitle "Ajedrez en Madrid"]
[Source "lmi"]
[SourceDate "2020.02.06"]
[SourceVersion "1"]
[SourceVersionDate "2020.03.02"]
[SourceQuality "1"]

1. d4 Nf6 2. Bf4 e6 3. e3 d5 4. Nd2 Bd6 5. Bxd6 Qxd6 6. Ngf3 Nbd7 7. Bd3 O-O 8.
Nh4 e5 9. Nf5 Qe6 10. g4 e4 11. Be2 g6 12. Nh6+ Kg7 13. g5 Ng8 14. Nxg8 Rxg8
15. h4 b6 16. Nf1 Bb7 17. f3 exf3 18. Bxf3 Ba6 19. Qd2 Bxf1 20. Rxf1 c6 21.
O-O-O f5 22. Rde1 a5 23. Qh2 b5 24. h5 Rh8 25. h6+ Kf7 26. e4 dxe4 27. Bxe4
Rhe8 28. Qc7 Rac8 29. Qf4 Kg8 30. Bd3 Qf7 31. Rxe8+ Rxe8 32. b3 Qe6 33. a4 Nb6
34. Qc7 Nd7 35. axb5 cxb5 36. Bxb5 Qe3+ 37. Kb1 Qxd4 38. Qxd7 Qxd7 39. Bxd7 Re4
40. c4 Rd4 41. Be6+ Kf8 42. Bxf5 gxf5 43. Rxf5+ Ke7 44. Rxa5 Kd6 45. Kc2 Rg4
46. Kc3 Kc6 47. Rf5 Kd6 48. b4 Rg3+ 49. Kd4 Rg4+ 50. Kc3 Rg3+ 51. Kb2 Rg4 52.
Rd5+ Kc6 53. Kc3 Rg3+ 54. Kd4 Rg4+ 55. Ke3 Kb6 56. Rc5 Kb7 57. Kf3 Rh4 58. Kg3
Rd4 59. g6 hxg6 60. h7 Rd8 61. Re5 Rh8 62. Re7+ Kc6 63. Kf4 Kd6 64. Rg7 Rc8 65.
Rxg6+ Ke7 66. Ke5 1-0

[Event "Madrid 2019-2020 ch - Previa b"]
[Site "Madrid ESP"]
[Date "2020.02.28"]
[Round "8.12"]
[White "Martin Hernandez, Vicente"]
[Black "Rey Martinez, Jaime"]
[Result "0-1"]
[WhiteElo "1864"]
[BlackElo "1687"]
[PlyCount "60"]
[EventDate "2020.02.06"]
[EventType "swiss"]
[EventRounds "9"]
[EventCountry "ESP"]
[SourceTitle "Ajedrez en Madrid"]
[Source "lmi"]
[SourceDate "2020.02.06"]
[SourceVersion "1"]
[SourceVersionDate "2020.03.02"]
[SourceQuality "1"]

1. d4 d5 2. c4 e6 3. Nc3 c6 4. Nf3 dxc4 5. a4 Bb4 6. Bd2 Bxc3 7. bxc3 b5 8. g3
Bb7 9. Bg2 Nd7 10. O-O Ngf6 11. Qc2 h6 12. Rfe1 O-O 13. Bf4 a6 14. Be5 Nxe5 15.
Nxe5 Qc7 16. f4 Nd5 17. e4 Nb6 18. a5 Nd7 19. Nxd7 Qxd7 20. Red1 Rad8 21. Bf3
Qe7 22. Kg2 Rd7 23. Rd2 Rfd8 24. Rdd1 c5 25. dxc5 Qxc5 26. Qf2 Qxf2+ 27. Kxf2
Kf8 28. Ke3 Rd3+ 29. Ke2 Ke7 30. Rac1 f5 0-1

[Event "Madrid 2019-2020 ch - Previa b"]
[Site "Madrid ESP"]
[Date "2020.02.28"]
[Round "8.13"]
[White "Sanchez Hernandez, Alvaro"]
[Black "Canseco Arenas, Alfonso"]
[Result "1/2-1/2"]
[WhiteElo "1772"]
[BlackElo "1604"]
[PlyCount "124"]
[EventDate "2020.02.06"]
[EventType "swiss"]
[EventRounds "9"]
[EventCountry "ESP"]
[SourceTitle "Ajedrez en Madrid"]
[Source "lmi"]
[SourceDate "2020.02.06"]
[SourceVersion "1"]
[SourceVersionDate "2020.03.02"]
[SourceQuality "1"]

1. d4 Nf6 2. c4 c5 3. d5 e6 4. g3 d6 5. Nc3 e5 6. Bg2 g6 7. Nf3 Bg7 8. O-O O-O
9. e4 a6 10. Ne1 Nbd7 11. Nd3 Nb6 12. Qb3 Nfd7 13. f4 exf4 14. Bxf4 Ne5 15.
Bxe5 Bxe5 16. Nxe5 dxe5 17. Rf2 Qd6 18. Raf1 f6 19. a4 Rb8 20. Qa2 Bd7 21. b3
Kg7 22. Qd2 Nc8 23. Ra1 Qb6 24. Qc2 Nd6 25. Raf1 Qc7 26. Ra1 b6 27. Bf1 a5 28.
Bg2 Rf7 29. Raf1 Rbf8 30. Qd3 Qd8 31. h3 Qc8 32. Kh2 f5 33. Qe3 fxe4 34. Rxf7+
Rxf7 35. Rxf7+ Nxf7 36. Nxe4 h5 37. h4 Bf5 38. Nd2 Qd8 39. Bh3 Bxh3 40. Kxh3
Qd7+ 41. Kg2 Qf5 42. Qe4 Kf6 43. Qf3 Nd6 44. Kf2 e4 45. Qf4 Qxf4+ 46. gxf4 Kf5
47. Ke3 Kg4 48. Nxe4 Nf5+ 49. Kf2 Kxf4 50. d6 Nd4 51. Ng5 Kg4 52. d7 Nc6 53.
Nf3 Kf5 54. Ke3 Ke6 55. Kf4 Kxd7 56. Kg5 Nd4 57. Nd2 Nf5 58. Kxg6 Nxh4+ 59.
Kxh5 Nf5 60. Kg5 Nd4 61. Kf4 Ke6 62. Ke4 Kd6 1/2-1/2

[Event "Madrid 2019-2020 ch - Previa b"]
[Site "Madrid ESP"]
[Date "2020.02.28"]
[Round "8.15"]
[White "Fariñas Lucas, Juan Antonio"]
[Black "Mosteiro Montoro, Alvaro"]
[Result "0-1"]
[WhiteElo "1448"]
[BlackElo "1477"]
[PlyCount "74"]
[EventDate "2020.02.06"]
[EventType "swiss"]
[EventRounds "9"]
[EventCountry "ESP"]
[SourceTitle "Ajedrez en Madrid"]
[Source "lmi"]
[SourceDate "2020.02.06"]
[SourceVersion "1"]
[SourceVersionDate "2020.03.02"]
[SourceQuality "1"]

1. e4 c5 2. Nf3 Nc6 3. Bb5 Qb6 4. Bxc6 Qxc6 5. d4 Qxe4+ 6. Be3 cxd4 7. Nxd4
Qxg2 8. Qf3 Qxf3 9. Nxf3 b6 10. Nbd2 Bb7 11. O-O-O Nf6 12. Rhg1 g6 13. Nd4 Bg7
14. Nb5 O-O 15. Bf4 a6 16. Nc3 d5 17. Nf3 Rac8 18. Rge1 e6 19. Be3 b5 20. a3
Ng4 21. Bd4 Bxd4 22. Nxd4 Nxf2 23. Rd2 Ng4 24. Nb3 Nf6 25. Rf2 Kg7 26. Nd4 Rce8
27. Ndxb5 axb5 28. Nxb5 Ba6 29. Nc7 Ra8 30. Nxa8 Rxa8 31. Re3 Ng4 32. Ref3 Nxf2
33. Rxf2 e5 34. c3 Bc4 35. Kc2 f5 36. b3 Rxa3 37. Kb2 Rxb3+ 0-1

[Event "Madrid 2019-2020 ch - Previa b"]
[Site "Madrid ESP"]
[Date "2020.02.28"]
[Round "8.16"]
[White "Sastre Pavicich, Ruben A."]
[Black "Ramirez, Luis Fernando"]
[Result "1/2-1/2"]
[WhiteElo "1577"]
[BlackElo "1718"]
[PlyCount "42"]
[EventDate "2020.02.06"]
[EventType "swiss"]
[EventRounds "9"]
[EventCountry "ESP"]
[SourceTitle "Ajedrez en Madrid"]
[Source "lmi"]
[SourceDate "2020.02.06"]
[SourceVersion "1"]
[SourceVersionDate "2020.03.02"]
[SourceQuality "1"]

1. d4 Nf6 2. c4 g6 3. Nc3 Bg7 4. e3 d6 5. Nf3 O-O 6. Be2 Nc6 7. O-O a6 8. h3 e5
9. dxe5 Nxe5 10. Nxe5 dxe5 11. Qxd8 Rxd8 12. e4 c6 13. Be3 Be6 14. Rad1 Kf8 15.
b3 Ke7 16. Rxd8 Rxd8 17. Rd1 Rxd1+ 18. Bxd1 Nd7 19. Na4 h5 20. Nc5 Nxc5 21.
Bxc5+ Kd7 1/2-1/2

[Event "Madrid 2019-2020 ch - Previa b"]
[Site "Madrid ESP"]
[Date "2020.02.29"]
[Round "9.1"]
[White "Lopez de Turiso, Jose Angel"]
[Black "Viñas Blasco, Jorge"]
[Result "1/2-1/2"]
[WhiteElo "1938"]
[BlackElo "1596"]
[PlyCount "46"]
[EventDate "2020.02.06"]
[EventType "swiss"]
[EventRounds "9"]
[EventCountry "ESP"]
[SourceTitle "Ajedrez en Madrid"]
[Source "lmi"]
[SourceDate "2020.02.06"]
[SourceVersion "1"]
[SourceVersionDate "2020.03.02"]
[SourceQuality "1"]

1. e4 e6 2. c4 d5 3. cxd5 exd5 4. exd5 Nf6 5. Nc3 Be7 6. Nf3 Nxd5 7. Bc4 Nb6 8.
Bb3 N8d7 9. d4 O-O 10. O-O Nf6 11. Re1 Bg4 12. h3 Bxf3 13. Qxf3 c6 14. Bf4 Qd7
15. Rad1 Rad8 16. Ne4 Nbd5 17. Be5 Nxe4 18. Rxe4 f6 19. Bg3 f5 20. Re5 Kh8 21.
Bxd5 cxd5 22. Bf4 Bf6 23. Re2 Rfe8 1/2-1/2

[Event "Madrid 2019-2020 ch - Previa b"]
[Site "Madrid ESP"]
[Date "2020.02.29"]
[Round "9.2"]
[White "Vukotic Jovsic, Dragan"]
[Black "Pajuelo Morales, Raul"]
[Result "1/2-1/2"]
[WhiteElo "1886"]
[BlackElo "1836"]
[PlyCount "23"]
[EventDate "2020.02.06"]
[EventType "swiss"]
[EventRounds "9"]
[EventCountry "ESP"]
[SourceTitle "Ajedrez en Madrid"]
[Source "lmi"]
[SourceDate "2020.02.06"]
[SourceVersion "1"]
[SourceVersionDate "2020.03.02"]
[SourceQuality "1"]

1. Nf3 Nf6 2. d4 g6 3. Bf4 d6 4. h3 Bg7 5. e3 O-O 6. Be2 Nbd7 7. O-O b6 8. Nbd2
Bb7 9. a4 a6 10. Nc4 c5 11. c3 Rc8 12. Ncd2 1/2-1/2

[Event "Madrid 2019-2020 ch - Previa b"]
[Site "Madrid ESP"]
[Date "2020.02.29"]
[Round "9.3"]
[White "Moreno Torrero, Javier"]
[Black "Andrade Sandoval, Bianca"]
[Result "1/2-1/2"]
[WhiteElo "1918"]
[BlackElo "1966"]
[PlyCount "28"]
[EventDate "2020.02.06"]
[EventType "swiss"]
[EventRounds "9"]
[EventCountry "ESP"]
[SourceTitle "Ajedrez en Madrid"]
[Source "lmi"]
[SourceDate "2020.02.06"]
[SourceVersion "1"]
[SourceVersionDate "2020.03.02"]
[SourceQuality "1"]

1. e4 c5 2. Nf3 e6 3. d4 cxd4 4. Nxd4 a6 5. Nc3 Qc7 6. Be3 Nf6 7. Bd3 b5 8. O-O
Bb7 9. f3 Bc5 10. Qd2 O-O 11. Nb3 Bxe3+ 12. Qxe3 d6 13. Rae1 Nbd7 14. g4 h6
1/2-1/2

[Event "Madrid 2019-2020 ch - Previa b"]
[Site "Madrid ESP"]
[Date "2020.02.29"]
[Round "9.4"]
[White "Martin Arbeloa, Fernando"]
[Black "Narvaez Parra, Vicente"]
[Result "1/2-1/2"]
[WhiteElo "1991"]
[BlackElo "1808"]
[PlyCount "20"]
[EventDate "2020.02.06"]
[EventType "swiss"]
[EventRounds "9"]
[EventCountry "ESP"]
[SourceTitle "Ajedrez en Madrid"]
[Source "lmi"]
[SourceDate "2020.02.06"]
[SourceVersion "1"]
[SourceVersionDate "2020.03.02"]
[SourceQuality "1"]

1. d4 Nf6 2. c4 g6 3. Nc3 d5 4. Nf3 Bg7 5. Bf4 c6 6. e3 Qb6 7. Qb3 O-O 8. Qxb6
axb6 9. cxd5 Nxd5 10. Nxd5 cxd5 1/2-1/2

[Event "Madrid 2019-2020 ch - Previa b"]
[Site "Madrid ESP"]
[Date "2020.02.29"]
[Round "9.5"]
[White "Rojas Pozo, Jose Luis"]
[Black "Rodriguez Avila, Alvaro"]
[Result "0-1"]
[WhiteElo "1938"]
[BlackElo "1807"]
[PlyCount "70"]
[EventDate "2020.02.06"]
[EventType "swiss"]
[EventRounds "9"]
[EventCountry "ESP"]
[SourceTitle "Ajedrez en Madrid"]
[Source "lmi"]
[SourceDate "2020.02.06"]
[SourceVersion "1"]
[SourceVersionDate "2020.03.02"]
[SourceQuality "1"]

1. d4 Nf6 2. Nf3 g6 3. c4 Bg7 4. Nc3 O-O 5. g3 d6 6. h3 Nbd7 7. Bg2 e5 8. O-O
c6 9. e4 exd4 10. Nxd4 Re8 11. Be3 Nc5 12. Qc2 Qe7 13. Rfe1 a5 14. Rad1 Nfd7
15. f4 a4 16. Bf2 Nb6 17. b3 axb3 18. axb3 Qc7 19. Ra1 Bd7 20. b4 Ne6 21. Nxe6
Bxe6 22. c5 dxc5 23. bxc5 Nd7 24. e5 Bf5 25. Qb3 Bf8 26. Na4 Ra5 27. g4 Be6 28.
Qc2 Rea8 29. f5 Bd5 30. Bxd5 cxd5 31. e6 Nxc5 32. Rac1 Rxa4 33. exf7+ Qxf7 34.
fxg6 hxg6 35. Bxc5 Rc4 0-1

[Event "Madrid 2019-2020 ch - Previa b"]
[Site "Madrid ESP"]
[Date "2020.02.29"]
[Round "9.6"]
[White "Cujba, Anca-Claudia"]
[Black "Galarreta Santana, Javier"]
[Result "1-0"]
[WhiteElo "1591"]
[BlackElo "1666"]
[PlyCount "107"]
[EventDate "2020.02.06"]
[EventType "swiss"]
[EventRounds "9"]
[EventCountry "ESP"]
[SourceTitle "Ajedrez en Madrid"]
[Source "lmi"]
[SourceDate "2020.02.06"]
[SourceVersion "1"]
[SourceVersionDate "2020.03.02"]
[SourceQuality "1"]

1. c4 Nf6 2. Nc3 g6 3. d4 Bg7 4. g3 O-O 5. Bg2 d6 6. e4 Bg4 7. f3 Bc8 8. Nge2
Nbd7 9. O-O e5 10. Be3 exd4 11. Bxd4 c5 12. Bf2 Nb6 13. b3 Be6 14. Rc1 Qc8 15.
Qxd6 Nfd7 16. Nf4 Ne5 17. Qxc5 Nbd7 18. Qxc8 Rfxc8 19. Nb5 Bh6 20. Rcd1 Nf8 21.
Nd6 Rcb8 22. Nd3 Nc6 23. Nc5 b6 24. Nxe6 Nxe6 25. f4 Rd8 26. e5 Ne7 27. Bxa8
Rxa8 28. Ne4 Bg7 29. Rd6 Nf5 30. Rd7 Nf8 31. Rd3 h5 32. Rfd1 Ne6 33. a4 Bf8 34.
Kg2 Kg7 35. Rd7 a5 36. Rb7 Bc5 37. Nxc5 bxc5 38. Rdd7 Nh6 39. Kf3 Rf8 40. Ra7
Ng4 41. Bg1 Nh6 42. Rxa5 Rb8 43. Rb5 Rc8 44. a5 g5 45. a6 gxf4 46. gxf4 Nf5 47.
Ke4 Nf8 48. Rd5 Ne7 49. Rdxc5 Ra8 50. Rc7 Rxa6 51. Rxe7 Ng6 52. Ra7 Rc6 53.
Rbb7 Nh8 54. f5 1-0

[Event "Madrid 2019-2020 ch - Previa b"]
[Site "Madrid ESP"]
[Date "2020.02.29"]
[Round "9.7"]
[White "Rey Martinez, Jaime"]
[Black "Garcia Serrano, Jose Manuel"]
[Result "1/2-1/2"]
[WhiteElo "1687"]
[BlackElo "1863"]
[PlyCount "107"]
[EventDate "2020.02.06"]
[EventType "swiss"]
[EventRounds "9"]
[EventCountry "ESP"]
[SourceTitle "Ajedrez en Madrid"]
[Source "lmi"]
[SourceDate "2020.02.06"]
[SourceVersion "1"]
[SourceVersionDate "2020.03.02"]
[SourceQuality "1"]

1. e4 e5 2. Nf3 Nc6 3. Bb5 a6 4. Bxc6 dxc6 5. O-O Bg4 6. h3 h5 7. d3 Qf6 8. Be3
g5 9. Nbd2 Bxf3 10. Qxf3 Qg7 11. Rfe1 Be7 12. c3 Bf6 13. Nb3 Ne7 14. Qg3 O-O-O
15. d4 Rdg8 16. f3 g4 17. dxe5 Bxe5 18. f4 Bd6 19. Qh4 f6 20. Bd4 Rh6 21. Rf1
Kb8 22. f5 gxh3 23. Qxh3 h4 24. Nc5 Kc8 25. Ne6 Qg4 26. Qxg4 Rxg4 27. Rae1 h3
28. Re2 Rgh4 29. gxh3 Rxh3 30. Rg2 Bg3 31. Re2 Bh2+ 32. Kg2 Bg3 33. Kf3 b6 34.
Rg2 Bd6+ 35. Ke2 c5 36. Be3 R6h4 37. Kd3 Nc6 38. Rg8+ Kb7 39. Nd8+ Nxd8 40.
Rxd8 Bf4 41. Re1 c4+ 42. Kd2 Rh2+ 43. Kc1 Rh1 44. Rdd1 Rxe1 45. Rxe1 Bxe3+ 46.
Rxe3 Kc6 47. e5 fxe5 48. Rxe5 Rf4 49. Re6+ Kd5 50. Rf6 Ke5 51. Rf7 Rxf5 52.
Rxc7 Rf1+ 53. Kc2 Rf2+ 54. Kc1 1/2-1/2

[Event "Madrid 2019-2020 ch - Previa b"]
[Site "Madrid ESP"]
[Date "2020.02.29"]
[Round "9.8"]
[White "Sermukhamedov Minnullina, Adriana"]
[Black "Estevez Sacristan, Deva"]
[Result "0-1"]
[WhiteElo "1220"]
[BlackElo "1885"]
[PlyCount "168"]
[EventDate "2020.02.06"]
[EventType "swiss"]
[EventRounds "9"]
[EventCountry "ESP"]
[SourceTitle "Ajedrez en Madrid"]
[Source "lmi"]
[SourceDate "2020.02.06"]
[SourceVersion "1"]
[SourceVersionDate "2020.03.02"]
[SourceQuality "1"]

1. d4 f5 2. Bf4 Nf6 3. e3 d6 4. Nf3 e6 5. h3 Nc6 6. Be2 Be7 7. O-O O-O 8. c4 d5
9. c5 Bd7 10. Ne5 Nxe5 11. Bxe5 b6 12. b4 a5 13. c6 Bxc6 14. b5 Be8 15. Nd2 Rc8
16. Rc1 Bd6 17. Nf3 Ne4 18. Bxd6 Qxd6 19. Ne5 Qb4 20. Qb3 Qxb3 21. axb3 Nd2 22.
Rfd1 Nxb3 23. Rc3 a4 24. g3 g6 25. h4 Kg7 26. Kg2 Kf6 27. f4 Ke7 28. Bf1 Kd6
29. Nc6 Rf7 30. Ne5 Rg7 31. Nc6 Ra8 32. Nb4 h6 33. Be2 Na5 34. Na6 Nc4 35. Rxc4
dxc4 36. Bxc4 c6 37. Nb4 cxb5 38. Ba2 Rc7 39. d5 e5 40. fxe5+ Kxe5 41. Kf3 Rd8
42. Kf2 Rd6 43. Ke2 g5 44. Kf2 Kf6 45. Rh1 g4 46. Re1 Bg6 47. Rd1 Bf7 48. Ke2
Rc3 49. Kf2 Rc8 50. Ke2 h5 51. Kf2 Rc4 52. Bxc4 bxc4 53. Ke2 b5 54. Rd4 Rd7 55.
Rd2 Ke5 56. Nc6+ Kd6 57. Nb4 Kc5 58. Na6+ Kb6 59. Nb4 Rd6 60. e4 fxe4 61. Ke3
Kc5 62. Nc2 Rxd5 63. Rf2 Rd3+ 64. Kxe4 Bg6+ 65. Ke5 Rd5+ 66. Ke6 Bxc2 67. Rxc2
b4 68. Rf2 b3 69. Rf8 b2 70. Rc8+ Kd4 71. Rb8 a3 72. Rb7 a2 73. Rxb2 Re5+ 74.
Kd6 a1=Q 75. Rd2+ Ke3 76. Rd1 Qxd1+ 77. Kxe5 Qd4+ 78. Ke6 c3 79. Ke7 c2 80. Ke6
c1=Q 81. Kf5 Qcc5+ 82. Ke6 Qdd6+ 83. Kf7 Qcc7+ 84. Ke8 Qdd8# 0-1

[Event "Madrid 2019-2020 ch - Previa b"]
[Site "Madrid ESP"]
[Date "2020.02.29"]
[Round "9.9"]
[White "Barragan Arriaza, Pablo"]
[Black "Sanchez Hernandez, Alvaro"]
[Result "1-0"]
[WhiteElo "1886"]
[BlackElo "1772"]
[PlyCount "143"]
[EventDate "2020.02.06"]
[EventType "swiss"]
[EventRounds "9"]
[EventCountry "ESP"]
[SourceTitle "Ajedrez en Madrid"]
[Source "lmi"]
[SourceDate "2020.02.06"]
[SourceVersion "1"]
[SourceVersionDate "2020.03.02"]
[SourceQuality "1"]

1. e4 c5 2. Nc3 Nc6 3. g3 g6 4. Bg2 Bg7 5. d3 e6 6. f4 Nge7 7. Be3 d6 8. Nf3
O-O 9. O-O b6 10. d4 Ba6 11. Re1 cxd4 12. Nxd4 Rc8 13. Rb1 Qd7 14. Nxc6 Nxc6
15. e5 Rfd8 16. Qxd6 Qxd6 17. exd6 Rxd6 18. Ne4 Rdd8 19. c3 Na5 20. Rbd1 Nc4
21. Bc1 Bf8 22. Bf1 b5 23. b3 Nd6 24. Nxd6 Bxd6 25. Rd3 Bc5+ 26. Be3 Rxd3 27.
Bxd3 Bxe3+ 28. Rxe3 Rxc3 29. Kf2 Rc6 30. a3 Rb6 31. Re5 Kg7 32. Rc5 b4 33. Bxa6
Rxa6 34. a4 Rb6 35. Ke3 Kf6 36. Kd4 h6 37. h4 Rd6+ 38. Kc4 Rb6 39. a5 Rb7 40.
Rb5 Rd7 41. Kxb4 Rd4+ 42. Kc3 Rd7 43. Rc5 Ke7 44. b4 Kd6 45. Kc4 a6 46. Kd4 Rb7
47. Kc4 f6 48. Rc8 e5 49. fxe5+ fxe5 50. Rg8 Rc7+ 51. Kd3 g5 52. Rg6+ Kd5 53.
Rxh6 e4+ 54. Kd2 gxh4 55. gxh4 Kd4 56. Rd6+ Kc4 57. Ke3 Kxb4 58. Rxa6 Kb5 59.
Re6 Rc3+ 60. Kd4 Rc4+ 61. Ke3 Kxa5 62. Rxe4 Rc3+ 63. Kf4 Kb6 64. h5 Rh3 65. Kg5
Kc6 66. h6 Kd5 67. Rg4 Ke6 68. Kg6 Ke7 69. Kg7 Rf3 70. h7 Rf7+ 71. Kh6 Rf1 72.
h8=Q 1-0

[Event "Madrid 2019-2020 ch - Previa b"]
[Site "Madrid ESP"]
[Date "2020.02.29"]
[Round "9.10"]
[White "Canseco Arenas, Alfonso"]
[Black "Rojas Fernandez, Antonio"]
[Result "1-0"]
[WhiteElo "1604"]
[BlackElo "1409"]
[PlyCount "83"]
[EventDate "2020.02.06"]
[EventType "swiss"]
[EventRounds "9"]
[EventCountry "ESP"]
[SourceTitle "Ajedrez en Madrid"]
[Source "lmi"]
[SourceDate "2020.02.06"]
[SourceVersion "1"]
[SourceVersionDate "2020.03.02"]
[SourceQuality "1"]

1. e4 e5 2. c4 Nf6 3. Nc3 Bc5 4. h3 d6 5. d3 Nc6 6. g3 h6 7. Bg2 Be6 8. Nge2
Nd4 9. O-O O-O 10. Kh2 Qd7 11. f4 Qe7 12. f5 Bd7 13. g4 Nh7 14. Nd5 Qd8 15.
Nxd4 Bxd4 16. Qe2 c6 17. Nc3 Qf6 18. Bd2 Rae8 19. Rf3 Ng5 20. Rg3 Nh7 21. Rf1
a6 22. a4 c5 23. Nd5 Qh4 24. b3 Bc6 25. Be1 Bxd5 26. exd5 Qf6 27. Be4 Rb8 28.
Bf2 Bxf2 29. Rxf2 Ng5 30. Rgg2 Nxe4 31. dxe4 Qe7 32. Rg1 a5 33. Rgf1 f6 34. Rg2
Kh8 35. Rf3 Rg8 36. h4 Qf7 37. Rh3 b6 38. g5 Rbc8 39. Qe3 Qf8 40. Rhg3 fxg5 41.
hxg5 hxg5 42. Rh3# 1-0

[Event "Madrid 2019-2020 ch - Previa b"]
[Site "Madrid ESP"]
[Date "2020.02.29"]
[Round "9.11"]
[White "Barragan Panal, Juan Jose"]
[Black "Martin Hernandez, Vicente"]
[Result "1/2-1/2"]
[WhiteElo "1661"]
[BlackElo "1864"]
[PlyCount "75"]
[EventDate "2020.02.06"]
[EventType "swiss"]
[EventRounds "9"]
[EventCountry "ESP"]
[SourceTitle "Ajedrez en Madrid"]
[Source "lmi"]
[SourceDate "2020.02.06"]
[SourceVersion "1"]
[SourceVersionDate "2020.03.02"]
[SourceQuality "1"]

1. d4 d5 2. c4 e6 3. Nf3 Nf6 4. g3 Be7 5. Bg2 O-O 6. O-O Nbd7 7. Qc2 Ne4 8. Nc3
Ndf6 9. Rd1 c6 10. Ne5 Nxc3 11. bxc3 Ne8 12. cxd5 exd5 13. e4 Be6 14. Rb1 Rb8
15. Bf4 Bd6 16. Nd3 dxe4 17. Bxe4 Nf6 18. Bxd6 Qxd6 19. Nc5 Nxe4 20. Nxe4 Bf5
21. f3 Qg6 22. Qg2 Rfe8 23. Re1 h6 24. g4 Bxe4 25. fxe4 Re7 26. Rb2 Rbe8 27.
Rbe2 Qe6 28. Re3 Qc4 29. Qe2 Qxe2 30. R1xe2 b5 31. Kf2 f6 32. Kf3 g5 33. c4 Rd7
34. cxb5 Rxd4 35. bxc6 Rc4 36. e5 Rxc6 37. exf6 Rxf6+ 38. Kg3 1/2-1/2